000
00292nam a22001337a 4500
008
260210b ||||| |||| 00| 0 eng d
020
_a
9788861826366
041
_a
eng
080
_a
50129
100
_a
20
101
_a
ital
245
_a
Storie Italiane
_c
Valeria Blasi
942
_2
lcc
_c
BK
999
_c
60762
_d
60762